000 00477nam a2200193Ia 4500
005 20240823021931.0
008 240823s9999||||xx |||||||||||||| ||und||
020 _a81 7371 307 3
041 _aENGLISH
082 _A658.403 P6
100 _aAdair John
245 0 _aDecision Making and Problem Solving
250 _a1st
260 _c2006
_b"UP,Hyd"
_aHydrabad
500 _aTRANSFERED
650 _aDecision Making
_bManagement Studies
942 _cBK
999 _c178032
_d178032